The Interactive Effect of Peer Variables on Delinquency

Guardado en:  
Detalles Bibliográficos
Autor principal: Agnew, Robert 1953- (Autor)
Tipo de documento: Print Artículo
Lenguaje:Inglés
Publicado: 1991
En: Criminology
Año: 1991, Volumen: 29, Número: 1, Páginas: 47-72
Verificar disponibilidad: HBZ Gateway
Palabras clave:

MARC

LEADER 00000caa a22000002c 4500
001 1640333584
003 DE-627
005 20220608131733.0
007 tu
008 160223s1991 xx ||||| 00| ||eng c
035 |a (DE-627)1640333584 
035 |a (DE-576)456119442 
035 |a (DE-599)BSZ456119442 
040 |a DE-627  |b ger  |c DE-627  |e rakwb 
041 |a eng 
100 1 |a Agnew, Robert  |d 1953-  |0 (DE-588)141461292  |0 (DE-627)627797431  |0 (DE-576)178670251  |4 aut 
109 |a Agnew, Robert 1953-  |a Agnew, Robert Samuel 1953- 
245 1 4 |a The Interactive Effect of Peer Variables on Delinquency  |c Robert Agnew 
264 1 |c 1991 
336 |a Text  |b txt  |2 rdacontent 
337 |a ohne Hilfsmittel zu benutzen  |b n  |2 rdamedia 
338 |a Band  |b nc  |2 rdacarrier 
773 0 8 |i In  |t Criminology  |d Hoboken, NJ : Wiley, 1970  |g 29(1991), 1, Seite 47-72  |w (DE-627)129888508  |w (DE-600)301688-2  |w (DE-576)015191346  |x 0011-1384  |7 nnas 
773 1 8 |g volume:29  |g year:1991  |g number:1  |g pages:47-72 
776 1 |o 10.1111/j.1745-9125.1991.tb01058.x 
935 |a mkri 
951 |a AR 
ELC |b 1 
LOK |0 000 xxxxxcx a22 zn 4500 
LOK |0 001 3301915868 
LOK |0 003 DE-627 
LOK |0 004 1640333584 
LOK |0 005 20250623153244 
LOK |0 008 160208||||||||||||||||ger||||||| 
LOK |0 040   |a DE-21-110  |c DE-627  |d DE-21-110 
LOK |0 689   |a s  |a Peer Group 
LOK |0 689   |a g  |a USA 
LOK |0 689   |a s  |a Kriminalitätstheorie 
LOK |0 852   |a DE-21-110 
LOK |0 852 1  |m p  |9 00 
LOK |0 935   |a k110 
LOK |0 938   |k p 
LOK |0 939   |a 08-02-16  |b l01 
ORI |a SA-MARC-krimdoka001.raw